|
|
|
|
| LEADER |
00000nam a2200000 i 4500 |
| 001 |
DIGVIETO114 |
| 003 |
NyNyDIG |
| 008 |
200514s2011 sp ob 000 0dspa d |
| 006 |
m o d |
| 007 |
cr ||||||||||| |
| 035 |
|
|
|a (OCoLC)1155429133
|
| 040 |
|
|
|a DGITA
|b eng
|e rda
|e pn
|c DGITA
|
| 020 |
|
|
|z 9788415216223
|
| 020 |
|
|
|z 841521622X
|
| 041 |
1 |
|
|a spa
|h fre
|
| 043 |
|
|
|a ma-----
|
| 050 |
1 |
4 |
|a DS39.3 ebook
|
| 082 |
0 |
4 |
|a 909.097492708312
|
| 100 |
1 |
|
|a Amin, Samir,
|e author.
|
| 240 |
1 |
0 |
|a Monde arabe dans la longue durée.
|l Spanish
|s (Calzadilla Núñez)
|
| 245 |
1 |
0 |
|a ¿Primavera árabe? :
|b el mundo árabe en la larga duración /
|c Samir Amin ; traducción de Julia Calzadilla.
|
| 264 |
|
1 |
|a [Vilassar de Dalt (Barcelona)] :
|b El Viejo Topo,
|c [2011]
|
| 300 |
|
|
|a 1 online resource.
|
| 336 |
|
|
|a text
|b txt
|2 rdacontent
|
| 337 |
|
|
|a computer
|b c
|2 rdamedia
|
| 338 |
|
|
|a online resource
|b cr
|2 rdacarrier
|
| 347 |
|
|
|a text file
|2 rdaft
|
| 347 |
|
|
|b PDF
|
| 504 |
|
|
|a Includes bibliographical references.
|
| 588 |
0 |
|
|a Online resource; title from PDF title page (Digitalia, viewed May 25, 2020)
|
| 650 |
|
0 |
|a Arab Spring, 2010-
|
| 650 |
|
0 |
|a Protest movements
|z Egypt
|x History
|y 21st century.
|
| 651 |
|
0 |
|a Egypt
|x History
|y Protests, 2011-2013.
|
| 651 |
|
0 |
|a Arab countries
|x Politics and government
|y 21st century.
|
| 655 |
|
0 |
|a Electronic books.
|
| 700 |
1 |
|
|a Calzadilla Núñez, Julia,
|e translator.
|
| 700 |
1 |
|
|i Translation of:
|a Amin, Samir.
|t Monde arabe dans la longue durée.
|
| 791 |
2 |
|
|a Digitalia (Firm),
|e distributor.
|
| 793 |
0 |
|
|g Digitalia eBook Collection:
|a El Viejo Topo
|
| 776 |
0 |
8 |
|i Print version:
|a Amin, Samir.
|s Monde arabe dans la longue durée. Spanish (Calzadilla Núñez)
|t ¿Primavera árabe?
|d [Vilassar de Dalt (Barcelona)] : El Viejo Topo, 2011
|z 9788415216223
|
| 856 |
4 |
0 |
|3 Digitalia Hispánica
|u https://www.digitaliapublishing.com/a/57556/
|
| 910 |
|
|
|a Premium collection: 2020
|